[Event "ESP-ch FEDC 28th"]
[Site "Ubeda"]
[Date "2019.11.25"]
[Round "7"]
[White "Miramon Borragan, Gustavo"]
[Black "Morales Rubiella, Albert"]
[Result "1-0"]
[WhiteElo "1560"]
[BlackElo "1384"]
[PlyCount "117"]
[EventDate "2019.11.19"]
[EventType "swiss"]
[EventRounds "8"]
[EventCountry "ESP"]
[SourceTitle "EXT 2024"]
[Source "ChessBase"]
[SourceDate "2023.10.10"]
[SourceVersion "1"]
[SourceVersionDate "2023.10.10"]
[SourceQuality "1"]

1. b3 Nf6 2. Bb2 d5 3. Nf3 g6 4. d3 Bg7 5. Nbd2 0-0 6. e4 d4 7. Bxd4 Nxe4 8. Bxg7 Nxd2 9. Bxf8 Nxf3+ 10. Qxf3 Qd4 11. Rc1 Bg4 12. Qe3 Qc3+ 13. Qd2 Qe5+ 14. Be2 Kxf8 15. f3 Be6 16. c3 Nc6 17. 0-0 Rd8 18. Rfe1 Qd6 19. Qb2 Bf5 20. d4 e5 21. dxe5 Nxe5 22. Rcd1 Qc5+ 23. Kf1 Nd3 24. Bxd3 Bxd3+ 25. Rxd3 Rxd3 26. c4 Rd4 27. Qe2 Rd8 28. Qb2 Qd4 29. Qe2 Qd3 30. Kf2 Qxe2+ 31. Rxe2 Re8 32. Rd2 Ke7 33. Rd4 Rd8 34. Ke3 Rd6 35. h3 Re6+ 36. Kd3 Rd6 37. Ke3 Ra6 38. Rd2 Rd6 39. Rd4 Ra6 40. Rd2 f5 41. Kf4 h6 42. h4 Rd6 43. Re2+ Re6 44. Rd2 Rd6 45. Re2+ Re6 46. Rd2 Rd6 47. Rxd6 Kxd6 48. h5 gxh5 49. Kxf5 a5 50. Kg6 Ke5 51. Kxh5 Kf4 52. Kxh6 Kg3 53. Kg5 c6 54. f4 b5 55. cxb5 cxb5 56. f5 Kxg2 57. f6 a4 58. bxa4 bxa4 59. f7 1-0

[Event "ESP-ch FEDC 28th"]
[Site "Ubeda"]
[Date "2019.11.21"]
[Round "3"]
[White "Garcia Andrinal, Antonio"]
[Black "Morales Rubiella, Albert"]
[Result "1/2-1/2"]
[WhiteElo "1629"]
[BlackElo "1384"]
[PlyCount "74"]
[EventDate "2019.11.19"]
[EventType "swiss"]
[EventRounds "8"]
[EventCountry "ESP"]
[SourceTitle "EXT 2024"]
[Source "ChessBase"]
[SourceDate "2023.10.10"]
[SourceVersion "1"]
[SourceVersionDate "2023.10.10"]
[SourceQuality "1"]

1. e4 c5 2. Nf3 Nc6 3. d4 cxd4 4. Nxd4 Nf6 5. Nc3 e6 6. Ndb5 d6 7. Bf4 e5 8. Bg5 a6 9. Bxf6 gxf6 10. Na3 b5 11. Nd5 Rb8 12. Bd3 Rg8 13. Bf1 Bg4 14. Qd3 Nd4 15. c3 Nc6 16. Nc2 Be7 17. Nce3 Be6 18. g3 Qd7 19. Nf5 Bxf5 20. exf5 Rg5 21. Bh3 Na7 22. 0-0 Nc8 23. Rad1 Nb6 24. Qe4 Nxd5 25. Rxd5 Qb7 26. Rfd1 Rg7 27. Qh4 Rc8 28. Bg2 Qc7 29. Qb4 Qc4 30. Qa5 Rc6 31. Bf1 Qg4 32. Bxb5 axb5 33. Qxb5 Kd7 34. Qb7+ Rc7 35. Qb5+ Rc6 36. Qb7+ Rc7 37. Qb5+ Rc6 1/2-1/2

[Event "ESP-ch FEDC 28th"]
[Site "Ubeda"]
[Date "2019.11.20"]
[Round "2"]
[White "Morales Rubiella, Albert"]
[Black "Mayor Martinez, Juan Jose"]
[Result "1/2-1/2"]
[WhiteElo "1384"]
[BlackElo "1826"]
[PlyCount "82"]
[EventDate "2019.11.19"]
[EventType "swiss"]
[EventRounds "8"]
[EventCountry "ESP"]
[SourceTitle "EXT 2024"]
[Source "ChessBase"]
[SourceDate "2023.10.10"]
[SourceVersion "1"]
[SourceVersionDate "2023.10.10"]
[SourceQuality "1"]

1. d4 d5 2. Nf3 c6 3. Bf4 Bf5 4. e3 Nf6 5. c4 Qb6 6. Qc1 e6 7. c5 Qa5+ 8. Qc3 Qxc3+ 9. Nxc3 b5 10. a4 b4 11. Na2 a5 12. b3 Nbd7 13. Nc1 Ne4 14. Bd3 Be7 15. Nd2 g5 16. Bg3 Nxg3 17. hxg3 Bxd3 18. Nxd3 h5 19. Nf3 f6 20. g4 h4 21. g3 f5 22. gxh4 fxg4 23. Nfe5 Nxe5 24. Nxe5 Rc8 25. h5 Bf6 26. Nxg4 Ke7 27. h6 Rh7 28. Rh5 Rch8 29. Ke2 Kf7 30. Rg1 Kg6 31. Nxf6 Kxf6 32. Rgxg5 Kf7 33. Kd3 Rxh6 34. Rxh6 Rxh6 35. Rg3 Rh1 36. Kc2 Rf1 37. Rf3+ Ke7 38. Rf4 Re1 39. Kd2 Rb1 40. Kc2 Rf1 41. Kd2 Rb1 1/2-1/2

[Event "ESP-ch FEDC 27th"]
[Site "Almunecar"]
[Date "2018.11.29"]
[Round "4"]
[White "Villoria Sanchez, Jose Tomas"]
[Black "Morales Rubiella, Albert"]
[Result "1/2-1/2"]
[WhiteElo "1609"]
[BlackElo "1343"]
[PlyCount "36"]
[EventDate "2018.11.26"]
[EventType "swiss"]
[EventRounds "8"]
[EventCountry "ESP"]
[SourceTitle "EXT 2024"]
[Source "ChessBase"]
[SourceDate "2023.10.10"]
[SourceVersion "1"]
[SourceVersionDate "2023.10.10"]
[SourceQuality "1"]

1. e4 c5 2. Nf3 d6 3. d4 cxd4 4. Nxd4 Nf6 5. Nc3 g6 6. h3 Bg7 7. Bb5+ Bd7 8. Bxd7+ Qxd7 9. Qd3 Nc6 10. a3 a6 11. 0-0 0-0 12. Nf3 Rfd8 13. Nd5 Nxd5 14. exd5 Ne5 15. Nxe5 Bxe5 16. c3 b5 17. Bh6 Bg7 18. Bxg7 Kxg7 1/2-1/2

[Event "Barcelona Sant Marti op-B 20th"]
[Site "Barcelona"]
[Date "2018.07.19"]
[Round "7"]
[White "Ruiz Serra, Guillem"]
[Black "Morales Rubiella, Albert"]
[Result "0-1"]
[WhiteElo "1199"]
[BlackElo "1396"]
[PlyCount "58"]
[EventDate "2018.07.13"]
[EventType "swiss"]
[EventRounds "9"]
[EventCountry "ESP"]
[SourceTitle "EXT 2019"]
[Source "ChessBase"]
[SourceDate "2018.10.10"]
[SourceVersion "1"]
[SourceVersionDate "2018.10.10"]
[SourceQuality "1"]

1. e4 c5 2. Nf3 d6 3. d4 cxd4 4. Nxd4 Nf6 5. Nc3 g6 6. Bc4 Bg7 7. 0-0 0-0 8. h3 Nxe4 9. Nxe4 d5 10. Bb3 dxe4 11. Be3 Nc6 12. c3 Bd7 13. Qd2 Qc7 14. Rac1 a6 15. Bh6 Rad8 16. Bxg7 Kxg7 17. Qe3 e5 18. Nxc6 Bxc6 19. Rfd1 Rxd1+ 20. Rxd1 Rd8 21. Rxd8 Qxd8 22. Bc2 f5 23. g4 Qh4 24. c4 fxg4 25. Bxe4 Qxh3 26. Qxh3 gxh3 27. Bxc6 bxc6 28. b4 Kf6 29. a4 Ke6 0-1

[Event "Benidorm FEDC op 20th"]
[Site "Benidorm"]
[Date "2018.06.10"]
[Round "1"]
[White "Morales Rubiella, Albert"]
[Black "Garcia Cervigon, Juan Pablo"]
[Result "0-1"]
[WhiteElo "1391"]
[BlackElo "1699"]
[PlyCount "86"]
[EventDate "2018.06.10"]
[EventType "swiss"]
[EventRounds "7"]
[EventCountry "ESP"]
[SourceTitle "CBM 184 Extra"]
[Source "ChessBase"]
[SourceDate "2018.06.28"]
[SourceVersion "1"]
[SourceVersionDate "2018.06.28"]
[SourceQuality "1"]

1. e4 c6 2. Ne2 e5 3. d4 d6 4. c3 Be7 5. Na3 Nf6 6. Ng3 Qc7 7. Bc4 d5 8. exd5 Nxd5 9. Bxd5 cxd5 10. Nc2 e4 11. f3 exf3 12. Qxf3 0-0 13. 0-0 Nd7 14. Qxd5 Nf6 15. Qf3 Bg4 16. Qd3 Bd6 17. Nf5 Bxh2+ 18. Kh1 Nh5 19. Nce3 Bxf5 20. Nxf5 Ng3+ 21. Nxg3 Bxg3 22. Qf5 Rae8 23. Bf4 Bxf4 24. Qxf4 Qxf4 25. Rxf4 Re2 26. b3 Rfe8 27. Rff1 Rd2 28. Rfd1 Ree2 29. Rxd2 Rxd2 30. Re1 Kf8 31. a4 Rd3 32. Rc1 Ke7 33. Kg1 Kd6 34. Kf2 f5 35. Ke2 Rg3 36. Kf2 f4 37. Rh1 Rxc3 38. Rxh7 Rxb3 39. Rxg7 Kd5 40. Rf7 Rb4 41. Rxf4 Rxa4 42. g4 Rxd4 43. Rxd4+ Kxd4 0-1